[Event "Druga liga Srbije-Vojvodina 2014"]
[Site "Kac, hotel "]
[Date "2014.11.09"]
[Round "2.1"]
[White "Kopasz, Robert"]
[Black "Drasko, Milan"]
[Result "0-1"]
[WhiteElo "2322"]
[BlackElo "2435"]
[PlyCount "56"]
[EventDate "2014.11.08"]

1. e4 e6 2. d4 d5 3. Nd2 Nc6 4. Ngf3 Nf6 5. e5 Nd7 6. c3 f6 7. Bb5 fxe5 8. dxe5
Be7 9. O-O O-O 10. Re1 a5 11. Nb3 Rf7 12. Nbd4 Nxd4 13. Nxd4 Nf8 14. Qg4 c5 15.
Nf3 Bd7 16. Bd3 Qb6 17. Ng5 Bxg5 18. Bxg5 Qxb2 19. Qg3 Kh8 20. Be2 Bc6 21. Rac1
Rd7 22. Bd3 Qxa2 23. Qh4 d4 24. c4 Kg8 25. Be7 Ng6 26. Bxg6 hxg6 27. Bxc5 d3
28. Ra1 d2 0-1

[Event "Druga liga Srbije-Vojvodina 2014"]
[Site "Kac, hotel "]
[Date "2014.11.09"]
[Round "2.1"]
[White "Vlahovic, Bogdan"]
[Black "Simonyi, Zoltan"]
[Result "1/2-1/2"]
[WhiteElo "2323"]
[BlackElo "2282"]
[PlyCount "122"]
[EventDate "2014.11.08"]

1. Nf3 g6 2. c4 c5 3. d4 cxd4 4. Nxd4 Bg7 5. e4 Nc6 6. Be3 Nf6 7. Nc3 O-O 8.
Be2 b6 9. f3 Bb7 10. Qd2 d6 11. O-O Qb8 12. Ndb5 Rd8 13. Rfd1 Rd7 14. Rac1 Qf8
15. Nd5 e6 16. Nb4 Rad8 17. Nxc6 Bxc6 18. Nd4 Bb7 19. Bf1 Ne8 20. Bg5 Rc8 21.
Qf2 Bh6 22. Be3 Qg7 23. Rc3 Bxe3 24. Qxe3 Qe5 25. Ra3 Bc6 26. Rd2 Nf6 27. g3
Kg7 28. Nxc6 Rxc6 29. Qd4 Qxd4+ 30. Rxd4 Kf8 31. e5 dxe5 32. Rxd7 Nxd7 33. Rxa7
Ke7 34. Kf2 Kd6 35. b4 e4 36. fxe4 Ne5 37. Rb7 Nxc4 38. b5 Rc8 39. Rxf7 Ne5 40.
Rxh7 Rc2+ 41. Be2 Rxa2 42. Rb7 Kc5 43. Ke3 g5 44. Rc7+ Kd6 45. Rc3 Ra1 46. h4
gxh4 47. gxh4 Rh1 48. h5 Rh3+ 49. Kd2 Rxc3 50. Kxc3 Nf7 51. Kd4 e5+ 52. Kc4 Nh6
53. Bf1 Nf7 54. Bh3 Nh6 55. Bf5 Nf7 56. Bg6 Nh6 57. Be8 Ng4 58. Bc6 Nh6 59. Kd3
Ke7 60. Bd5 Ng4 61. Ke2 Kf6 1/2-1/2

[Event "Druga liga Srbije-Vojvodina 2014"]
[Site "Kac, hotel "]
[Date "2014.11.09"]
[Round "2.1"]
[White "Nagy, Attila N"]
[Black "Lalic, Dragan"]
[Result "1/2-1/2"]
[WhiteElo "2221"]
[BlackElo "2263"]
[PlyCount "22"]
[EventDate "2014.11.08"]

1. Nf3 Nf6 2. g3 g6 3. Bg2 Bg7 4. O-O O-O 5. c4 d6 6. Nc3 e5 7. d4 Nbd7 8. h3
Re8 9. e4 exd4 10. Nxd4 Nc5 11. Re1 a5 1/2-1/2

[Event "Druga liga Srbije-Vojvodina 2014"]
[Site "Kac, hotel "]
[Date "2014.11.09"]
[Round "2.1"]
[White "Mijatovic, Dejan"]
[Black "Lorinc, Sandor"]
[Result "1-0"]
[WhiteElo "2251"]
[BlackElo "2168"]
[PlyCount "77"]
[EventDate "2014.11.08"]

1. Nf3 d5 2. d4 c6 3. Bf4 Nf6 4. e3 Bf5 5. Bd3 e6 6. Bxf5 exf5 7. O-O Be7 8.
Qd3 Ne4 9. c4 O-O 10. Nc3 Na6 11. a3 Nc7 12. Bxc7 Qxc7 13. cxd5 Rad8 14. dxc6
Qxc6 15. Rac1 Qe6 16. Nd2 Nf6 17. Qc4 f4 18. Qxe6 fxe6 19. Nf3 fxe3 20. fxe3
Ng4 21. Rfe1 Bd6 22. Ne4 Bb8 23. h3 Nh6 24. Nc5 Rf6 25. Nxb7 Re8 26. Nc5 Bg3
27. Re2 Rc8 28. Rec2 Rg6 29. Ne4 Rf8 30. Nxg3 Rxg3 31. Rc8 Nf5 32. Rxf8+ Kxf8
33. Kf2 Rg6 34. Ne5 Rg5 35. Rc8+ Ke7 36. Rc7+ Ke8 37. Rxa7 Nd6 38. g4 Ne4+ 39.
Kf3 1-0

[Event "Druga liga Srbije-Vojvodina 2014"]
[Site "Kac, hotel "]
[Date "2014.11.09"]
[Round "2.1"]
[White "Vranic, Ljubomir"]
[Black "Sevo, Dusan"]
[Result "1-0"]
[WhiteElo "2187"]
[BlackElo "2232"]
[PlyCount "109"]
[EventDate "2014.11.08"]

1. d4 g6 2. e4 Bg7 3. Nc3 d6 4. Bg5 c6 5. Qd2 Qa5 6. f4 b5 7. a3 Nd7 8. Nf3 Rb8
9. Bd3 Qb6 10. Ne2 Ngf6 11. O-O O-O 12. Kh1 d5 13. exd5 Nxd5 14. f5 N7f6 15.
Nh4 Bd7 16. Bh6 Rbd8 17. Qg5 Be8 18. h3 c5 19. c3 c4 20. Bc2 e6 21. Rae1 Bxh6
22. Qxh6 exf5 23. Nxf5 Nh5 24. g4 gxf5 25. Qxh5 Qg6 26. Ng3 Qxh5 27. Nxh5 fxg4
28. hxg4 f6 29. Nf4 Nxf4 30. Rxf4 Bg6 31. Bf5 Kg7 32. Rfe4 Rf7 33. Kh2 Kh6 34.
Kg3 Kg5 35. Rf1 Rd5 36. Ref4 Rd6 37. Re1 a6 38. Re6 Rfd7 39. Rxd6 Rxd6 40. Bc8
Bd3 41. Rf3 h5 42. gxh5 f5 43. Rf4 Rf6 44. Kf3 Kxh5 45. Ke3 Kg5 46. d5 Rf8 47.
Be6 Rh8 48. Rf2 Kf6 49. Kd4 Rh7 50. Bc8 Be4 51. d6 Ra7 52. Kc5 Ra8 53. d7 Ke7
54. Rh2 f4 55. Re2 1-0

[Event "Druga liga Srbije-Vojvodina 2014"]
[Site "Kac, hotel "]
[Date "2014.11.09"]
[Round "2.1"]
[White "Adamov, Ivan"]
[Black "Agoston, Aron"]
[Result "0-1"]
[WhiteElo "1947"]
[BlackElo "2167"]
[PlyCount "98"]
[EventDate "2014.11.08"]

1. e4 e5 2. Nf3 Nc6 3. Bb5 a6 4. Ba4 Nf6 5. O-O Nxe4 6. d4 b5 7. Bb3 d5 8. dxe5
Be6 9. Nbd2 Nc5 10. c3 Bg4 11. Bc2 Be7 12. Re1 Qd7 13. Nb3 Ne6 14. h3 Bh5 15.
Bf5 O-O 16. Be3 Bxf3 17. Qxf3 Nxe5 18. Bxh7+ Kxh7 19. Qh5+ Kg8 20. Qxe5 b4 21.
Qh5 bxc3 22. bxc3 Bf6 23. Rac1 Rfd8 24. Nc5 Nxc5 25. Bxc5 Rab8 26. Rc2 Qa4 27.
Qf5 Re8 28. Rec1 c6 29. Bd4 Be7 30. c4 Ba3 31. Qg5 Bf8 32. Rc3 Rb7 33. Rg3 f5
34. Qxf5 Rf7 35. Qg6 c5 36. Be3 d4 37. Bg5 Qxa2 38. Rf1 Qxc4 39. Rg4 Re2 40.
Rh4 Qc2 41. Rh8+ Kxh8 42. Qxf7 Bd6 43. h4 Qa2 44. Qd7 Qe6 45. Qd8+ Kh7 46. g3
Bxg3 47. Qa8 Bd6 48. Qg2 d3 49. Qf3 c4 0-1

[Event "Druga liga Srbije-Vojvodina 2014"]
[Site "Kac, hotel "]
[Date "2014.11.09"]
[Round "2.2"]
[White "Vujadinovic, Goran"]
[Black "Indjic, Dusan"]
[Result "0-1"]
[WhiteElo "2346"]
[BlackElo "2287"]
[PlyCount "80"]
[EventDate "2014.11.08"]

1. e4 c5 2. d3 Nc6 3. g3 g6 4. Bg2 Bg7 5. f4 d6 6. Nf3 e6 7. O-O Nge7 8. c3 O-O
9. Na3 Rb8 10. Nc2 b6 11. Be3 Bb7 12. Bf2 Qd7 13. g4 f5 14. exf5 gxf5 15. g5
Ng6 16. Bg3 e5 17. h4 exf4 18. Bh2 h5 19. Qd2 Nce5 20. Bxf4 Nxf3+ 21. Bxf3 Bxf3
22. Rxf3 Be5 23. Bxe5 dxe5 24. Qh2 f4 25. Raf1 Qg4+ 26. Kh1 Nxh4 27. Rh3 Nf5
28. Rg1 Ng3+ 29. Rhxg3 fxg3 30. Qxg3 Qxg3 31. Rxg3 Rf2 32. Ne3 Rxb2 33. Rf3 Rf8
34. Nf5 Kh7 35. c4 Rxa2 36. Kg1 Rd2 37. g6+ Kxg6 38. Rg3+ Kxf5 39. Rf3+ Kg4 40.
Rxf8 Rxd3 0-1

[Event "Druga liga Srbije-Vojvodina 2014"]
[Site "Kac, hotel "]
[Date "2014.11.09"]
[Round "2.2"]
[White "Stamenkovic, Aleksandar"]
[Black "Kolognat, Petar"]
[Result "1-0"]
[WhiteElo "2284"]
[BlackElo "2294"]
[PlyCount "105"]
[EventDate "2014.11.08"]

1. d4 Nf6 2. Nf3 d5 3. c4 e6 4. g3 Ne4 5. Bg2 Bb4+ 6. Nbd2 Nxd2 7. Bxd2 Bxd2+
8. Qxd2 O-O 9. O-O Nd7 10. Rac1 c6 11. e4 dxe4 12. Ng5 e5 13. Nxe4 exd4 14.
Qxd4 Qc7 15. Rcd1 Nb6 16. b3 Be6 17. Qd6 Qxd6 18. Rxd6 Rad8 19. Rfd1 Rxd6 20.
Nxd6 Rd8 21. Bf3 Bc8 22. c5 Na8 23. Nxc8 Rxc8 24. Rd7 Nc7 25. Bg4 Kf8 26. f4
Ke8 27. Rxf7 Kxf7 28. Bxc8 b6 29. Bb7 bxc5 30. Bxc6 Ke7 31. Kf2 h6 32. Ke3 Kd6
33. Be4 Ke6 34. Kd3 Nb5 35. g4 Nd6 36. h4 a5 37. g5 hxg5 38. hxg5 Ne8 39. Bh7
Nd6 40. Ke3 Ne8 41. Bd3 Nd6 42. Kf3 Kd5 43. f5 Kd4 44. Bb1 Kc3 45. f6 gxf6 46.
gxf6 Kb2 47. Be4 Kxa2 48. Bd5 Ka3 49. Kf4 c4 50. bxc4 Kb4 51. Ke3 a4 52. Kd3 a3
53. Kc2 1-0

[Event "Druga liga Srbije-Vojvodina 2014"]
[Site "Kac, hotel "]
[Date "2014.11.09"]
[Round "2.2"]
[White "Stanojevic, Branko"]
[Black "Bogic, Stevan"]
[Result "1/2-1/2"]
[WhiteElo "2247"]
[BlackElo "2199"]
[PlyCount "41"]
[EventDate "2014.11.08"]

1. d4 Nf6 2. Nf3 g6 3. c4 Bg7 4. Nc3 O-O 5. e4 d6 6. Be2 Nbd7 7. O-O e5 8. Be3
a5 9. dxe5 dxe5 10. Nd2 c6 11. Qc2 Qe7 12. Na4 Ne8 13. c5 Nc7 14. Bc4 Kh8 15.
Rfd1 f5 16. f3 Nf6 17. Nb6 Rb8 18. Rac1 fxe4 19. Nxe4 Nxe4 20. fxe4 Bg4 21. Rd6
1/2-1/2

[Event "Druga liga Srbije-Vojvodina 2014"]
[Site "Kac, hotel "]
[Date "2014.11.09"]
[Round "2.2"]
[White "Markovic, Dragan M"]
[Black "Kovacevic, Dragan"]
[Result "0-1"]
[WhiteElo "2017"]
[BlackElo "2251"]
[PlyCount "62"]
[EventDate "2014.11.08"]

1. Nf3 d6 2. d4 Nf6 3. e3 c6 4. Be2 Nbd7 5. c4 e5 6. Nc3 Be7 7. Qc2 O-O 8. O-O
Qc7 9. b3 Re8 10. Ba3 Nf8 11. dxe5 dxe5 12. Bxe7 Rxe7 13. h3 e4 14. Nh2 Qe5 15.
Rfd1 Qg5 16. Kh1 Bf5 17. Rd2 h5 18. Bf1 Ne6 19. Ne2 Bg6 20. Rad1 Rae8 21. Qb2
a6 22. Qa3 h4 23. Rb1 Kh7 24. Qb4 Nh5 25. Rbd1 f5 26. Ng1 Qxe3 27. Be2 Qg5 28.
Bxh5 Bxh5 29. Re1 Nf4 30. g4 hxg3 31. fxg3 Nd3 0-1

[Event "Druga liga Srbije-Vojvodina 2014"]
[Site "Kac, hotel "]
[Date "2014.11.09"]
[Round "2.3"]
[White "Bokros, Albert"]
[Black "Leskur, Dejan"]
[Result "0-1"]
[WhiteElo "2485"]
[BlackElo "2382"]
[PlyCount "84"]
[EventDate "2014.11.08"]

1. e4 g6 2. d4 Bg7 3. Nc3 c6 4. Nf3 d5 5. h3 Nh6 6. Bf4 f6 7. Be2 O-O 8. O-O
Nf7 9. Bg3 b6 10. Re1 Bb7 11. Bf1 Nd7 12. exd5 cxd5 13. Re6 a6 14. Qe2 Re8 15.
Re1 Bf8 16. Na4 Rc8 17. b3 b5 18. Nb2 Qa5 19. a4 Qc3 20. axb5 Qxb2 21. bxa6 Ba8
22. Qb5 Red8 23. Bd3 Nd6 24. Qa4 Ne4 25. a7 Kf7 26. Ra6 Nxg3 27. fxg3 Qc3 28.
Bb5 Rc7 29. Re2 Bg7 30. Rae6 Nf8 31. R6e3 Qb2 32. Qa5 Rdc8 33. c4 Qb1+ 34. Re1
Qb2 35. Ba6 Rxa7 36. Qb6 Rcc7 37. R3e2 Qa3 38. Bb5 Rab7 39. Qa6 Qxa6 40. Bxa6
Rxb3 41. c5 Bc6 42. Kh2 Ra3 0-1

[Event "Druga liga Srbije-Vojvodina 2014"]
[Site "Kac, hotel "]
[Date "2014.11.09"]
[Round "2.3"]
[White "Robulj, Nenad"]
[Black "Somborski, Nebojsa"]
[Result "1/2-1/2"]
[WhiteElo "2329"]
[BlackElo "2318"]
[PlyCount "70"]
[EventDate "2014.11.08"]

1. e4 e5 2. d4 exd4 3. Qxd4 Nc6 4. Qe3 g6 5. Bd2 Bg7 6. Nc3 Nf6 7. O-O-O O-O 8.
Qg3 Re8 9. f3 d6 10. Nge2 Ne5 11. Nf4 c6 12. h4 h5 13. Nh3 b5 14. Bg5 Qa5 15.
Qf4 b4 16. Nb1 Nh7 17. Bh6 Bh8 18. g4 Nxg4 19. fxg4 Be5 20. Qe3 Bxg4 21. Bc4 d5
22. Bb3 Bxd1 23. Rxd1 Nf6 24. Nf2 dxe4 25. Qe2 Qc7 26. Nh3 Rad8 27. Rf1 Nd5 28.
Be3 Bg7 29. c3 Qg3 30. Bxd5 cxd5 31. Ng5 bxc3 32. bxc3 d4 33. Bf4 Qxh4 34. Nxf7
d3 35. Qg2 Re6 {dalje necitko...43} 1/2-1/2

[Event "Druga liga Srbije-Vojvodina 2014"]
[Site "Kac, hotel "]
[Date "2014.11.09"]
[Round "2.3"]
[White "Bodiroga, Predrag"]
[Black "Joksimovic, Dragoljub"]
[Result "0-1"]
[WhiteElo "2358"]
[BlackElo "2205"]
[PlyCount "112"]
[EventDate "2014.11.08"]

1. d4 Nf6 2. c4 g6 3. Nc3 Bg7 4. e4 d6 5. Nf3 O-O 6. h3 c6 7. Be3 a6 8. Be2 b5
9. a3 bxc4 10. Bxc4 d5 11. Bd3 dxe4 12. Nxe4 Nxe4 13. Bxe4 Be6 14. O-O Bd5 15.
Qc2 Nd7 16. Rac1 Nf6 17. Bxd5 cxd5 18. Bf4 Rc8 19. Qe2 Rxc1 20. Rxc1 Qb6 21. b4
Ne4 22. Qe3 Re8 23. Ne5 Nd6 24. Qd3 Qb7 25. Nc6 Ne4 26. Qb3 e6 27. a4 Bf8 28.
b5 Bd6 29. Bxd6 Nxd6 30. Qb4 Nc4 31. Qc5 Ra8 32. Rb1 Nd2 33. Rb2 Ne4 34. Qc1
axb5 35. axb5 Ra4 36. Qf4 Nc3 37. Nd8 Qd7 38. b6 Qxd8 39. b7 Ne2+ 40. Rxe2 Ra1+
41. Kh2 Rb1 42. g3 Rxb7 43. Rc2 Kg7 44. h4 Qf6 45. Qe3 Rb4 46. Rd2 h6 47. Kg2
Qf5 48. Rd3 Rb2 49. Rd1 Qe4+ 50. Qxe4 dxe4 51. Kf1 Rb5 52. Re1 f5 53. f3 Rb3
54. fxe4 Rxg3 55. exf5 exf5 56. d5 Rd3 0-1

[Event "Druga liga Srbije-Vojvodina 2014"]
[Site "Kac, hotel "]
[Date "2014.11.09"]
[Round "2.3"]
[White "Besedes, Danilo"]
[Black "Brajic, Djordje"]
[Result "0-1"]
[WhiteElo "2113"]
[BlackElo "2267"]
[PlyCount "75"]
[EventDate "2014.11.08"]

1. d4 Nf6 2. c4 e6 3. Nf3 d5 4. g3 c6 5. Nbd2 Bd6 6. Bg2 Nbd7 7. O-O O-O 8. Qc2
Re8 9. e4 dxe4 10. Nxe4 Nxe4 11. Qxe4 e5 12. dxe5 Nxe5 13. b3 Bg4 14. Nxe5 Bxe5
15. Rb1 Qd7 16. Qc2 Bd4 17. Bb2 Bf5 18. Qxf5 Qxf5 19. Bxd4 Re2 20. a4 a5 21.
Be3 Re8 22. b4 Ra2 23. Kh1 Qc2 24. Rbc1 Qe2 25. Bc5 Rxa4 26. bxa5 Rxc4 27. Rxc4
Qxc4 28. Be3 Qa2 29. Bb6 Qd2 30. Bf3 Re1 31. Rxe1 Qxe1+ 32. Kg2 f6 33. h4 Qe7
34. g4 Qb4 35. Kg3 Kf7 36. Bc7 Ke6 37. Bb6 Kd7 38. Kg2 0-1

[Event "Druga liga Srbije-Vojvodina 2014"]
[Site "Kac, hotel "]
[Date "2014.11.09"]
[Round "2.3"]
[White "Perisic, Radivoj"]
[Black "Cvetkovic, Slavko"]
[Result "1-0"]
[WhiteElo "2323"]
[BlackElo "2217"]
[PlyCount "83"]
[EventDate "2014.11.08"]

1. e4 e6 2. d4 d5 3. Nc3 Nf6 4. Bg5 Be7 5. e5 Nfd7 6. Bxe7 Qxe7 7. Qd2 a6 8. f4
g6 9. Nf3 c5 10. dxc5 Nxc5 11. Bd3 Nc6 12. O-O Qc7 13. Qf2 Ne7 14. Rfd1 h5 15.
Ne2 Bd7 16. Ned4 Nf5 17. Rac1 b5 18. c3 Nxd3 19. Rxd3 Qc4 20. Rcd1 Qxa2 21.
Nxf5 gxf5 22. Qh4 Qc4 23. Qf6 Rg8 24. Ng5 Qc5+ 25. Kh1 Qe7 26. Nh7 Bc6 27. Rd4
h4 28. R1d3 Rg6 29. Qh8+ Kd7 30. Nf6+ Kc7 31. Qxh4 Qf8 32. Qf2 Kb7 33. Rg3 Rxg3
34. Qxg3 a5 35. h4 a4 36. h5 a3 37. bxa3 Rxa3 38. Qg8 Qc5 39. Qxf7+ Kb6 40.
Qxe6 Ka5 41. Nxd5 Ra4 42. Qd6 1-0

[Event "Druga liga Srbije-Vojvodina 2014"]
[Site "Kac, hotel "]
[Date "2014.11.09"]
[Round "2.3"]
[White "Mitrovic, Zivadin"]
[Black "Strbac, Mladen"]
[Result "1-0"]
[WhiteElo "2186"]
[BlackElo "2298"]
[PlyCount "131"]
[EventDate "2014.11.08"]

1. b4 e5 2. Bb2 Bxb4 3. Bxe5 Nf6 4. e3 O-O 5. Nf3 d5 6. Be2 Re8 7. O-O Nbd7 8.
Bb2 Nb6 9. d3 Bd7 10. Ba3 Bxa3 11. Nxa3 Qe7 12. Qc1 c5 13. Re1 Rac8 14. c4 dxc4
15. Nxc4 Nxc4 16. Qxc4 Be6 17. Qa4 Nd5 18. Rac1 a6 19. Nd2 Red8 20. a3 Bd7 21.
Qe4 Be6 22. Qa4 b5 23. Qc2 Nb6 24. Nf3 Na4 25. Nd2 c4 26. dxc4 Qxa3 27. Ra1 Qc3
28. Qxc3 Nxc3 29. Nf3 Nxe2+ 30. Rxe2 Bxc4 31. Ree1 Rd6 32. Nd4 Kf8 33. h3 g6
34. Rec1 Rb8 35. Ra5 Ke8 36. Rca1 Rbb6 37. Rc1 Kd7 38. Nf3 f6 39. Nd4 Kc7 40.
Rxa6 Rxa6 41. Nxb5+ Kb6 42. Nxd6 Bd5 43. Ne8 f5 44. Nf6 Bc6 45. Nxh7 Ra7 46.
Ng5 Kc7 47. Ne6+ Kd6 48. Nd4 Bd7 49. Rb1 Ra6 50. Kh2 Ke5 51. Kg3 Ra3 52. Rb3
Ra6 53. Rb7 Rd6 54. Nf3+ Kf6 55. Ra7 g5 56. Ra2 Be6 57. Rd2 Ra6 58. h4 g4 59.
Ng5 Bc4 60. e4 Ra3+ 61. Kf4 Bf1 62. e5+ Ke7 63. Kxf5 g3 64. f3 Ra4 65. Ne4 Bb5
66. h5 1-0

[Event "Druga liga Srbije-Vojvodina 2014"]
[Site "Kac, hotel "]
[Date "2014.11.09"]
[Round "2.4"]
[White "Stojanovic, Dalibor"]
[Black "Ukropina, Darko"]
[Result "1-0"]
[WhiteElo "2504"]
[BlackElo "2025"]
[PlyCount "93"]
[EventDate "2014.11.08"]

1. e4 c5 2. Nf3 g6 3. Bc4 Bg7 4. O-O Nc6 5. c3 Qb6 6. Na3 d6 7. Re1 Nh6 8. Bb3
O-O 9. h3 Kh8 10. d4 cxd4 11. cxd4 f6 12. Be3 Qa5 13. d5 Ne5 14. Nxe5 fxe5 15.
Rc1 Ng8 16. Qd2 Qd8 17. Nb5 Bd7 18. Nc7 Rc8 19. Ne6 Bxe6 20. dxe6 Rxc1 21. Rxc1
Qb8 22. Qc2 Bh6 23. Bxh6 Nxh6 24. Qc7 Ng8 25. Bd5 b6 26. b4 a5 27. a3 axb4 28.
axb4 Qxc7 29. Rxc7 Rb8 30. h4 Kg7 31. g4 g5 32. h5 h6 33. f3 Kf8 34. Kf2 Ke8
35. Bc6+ Kd8 36. Rd7+ Kc8 37. b5 Nf6 38. Rxe7 Kd8 39. Rf7 Ne8 40. e7+ Kc7 41.
Rh7 d5 42. exd5 Kd6 43. Rxh6+ Kxe7 44. Re6+ Kf7 45. Rxe8 Rxe8 46. Bxe8+ Kxe8
47. Ke3 1-0

[Event "Druga liga Srbije-Vojvodina 2014"]
[Site "Kac, hotel "]
[Date "2014.11.09"]
[Round "2.4"]
[White "Grujic, Zoran"]
[Black "Ratkovic, Miloje"]
[Result "1/2-1/2"]
[WhiteElo "2322"]
[BlackElo "2376"]
[PlyCount "62"]
[EventDate "2014.11.08"]

1. Nf3 Nf6 2. c4 b6 3. g3 Bb7 4. Bg2 g6 5. O-O Bg7 6. Nc3 O-O 7. Re1 d6 8. e4
e5 9. d4 Nbd7 10. h3 a5 11. Rb1 Re8 12. d5 Nc5 13. b3 Bc8 14. a3 Bd7 15. b4
axb4 16. axb4 Na4 17. Bd2 Nxc3 18. Bxc3 Qc8 19. Kh2 c6 20. Qb3 cxd5 21. cxd5
Bb5 22. Nd2 Bh6 23. Qb2 Re7 24. Ra1 Rxa1 25. Rxa1 Rc7 26. Ra3 Nd7 27. Qa1 Kg7
28. Ra8 Qb7 29. Ra3 f6 30. Kg1 Kf7 31. h4 Ke7 1/2-1/2

[Event "Druga liga Srbije-Vojvodina 2014"]
[Site "Kac, hotel "]
[Date "2014.11.09"]
[Round "2.4"]
[White "Ratkovic, Milovan"]
[Black "Savanovic, Vuk"]
[Result "1/2-1/2"]
[WhiteElo "2332"]
[BlackElo "2292"]
[PlyCount "87"]
[EventDate "2014.11.08"]

1. d4 Nf6 2. c4 c5 3. d5 b5 4. cxb5 a6 5. b6 d6 6. Nc3 Nbd7 7. e4 g6 8. Nf3 Bg7
9. Be2 O-O 10. O-O Nxb6 11. h3 Bb7 12. Bf4 c4 13. Qd2 Re8 14. Rfd1 Rc8 15. Nd4
e5 16. dxe6 fxe6 17. e5 dxe5 18. Bxe5 Nbd5 19. Bf3 Qb6 20. Na4 Qd8 21. Qg5 Qe7
22. Rac1 Red8 23. Nc3 Rc5 24. Nxd5 Bxd5 25. Qh4 Rd7 26. Re1 Qf7 27. Nb3 Rc8 28.
Bxd5 exd5 29. Nd2 Re7 30. Bd4 Rce8 31. Rxe7 Qxe7 32. Qg5 Qf7 33. Rc3 Re1+ 34.
Kh2 h6 35. Qf4 Ne4 36. Qb8+ Kh7 37. Bxg7 Qxg7 38. Nxe4 Rxe4 39. Ra3 Re6 40. Qf4
d4 41. Ra4 Rc6 42. Rb4 c3 43. bxc3 dxc3 44. Rc4 1/2-1/2

[Event "Druga liga Srbije-Vojvodina 2014"]
[Site "Kac, hotel "]
[Date "2014.11.09"]
[Round "2.4"]
[White "Banovic, Ivan"]
[Black "Vucinic, Gojko"]
[Result "1-0"]
[WhiteElo "2226"]
[BlackElo "2296"]
[PlyCount "69"]
[EventDate "2014.11.08"]

1. d4 Nf6 2. c4 g6 3. Nc3 d5 4. Bg5 Ne4 5. Bh4 Nxc3 6. bxc3 dxc4 7. e3 Be6 8.
Qb1 b6 9. Qb5+ Qd7 10. Bxc4 Bxc4 11. Qxc4 Qc6 12. Qxc6+ Nxc6 13. Nf3 Bg7 14.
Ke2 O-O 15. d5 Ne5 16. Nxe5 Bxe5 17. Bxe7 Rfe8 18. Bh4 Bxc3 19. Rac1 Be5 20.
Bg3 Bxg3 21. hxg3 Re7 22. Rc4 Rd8 23. Rd1 f5 24. g4 Kg7 25. gxf5 gxf5 26. g4
fxg4 27. Rxg4+ Kf6 28. e4 c6 29. Rf4+ Ke5 30. Ke3 cxd5 31. Rxd5+ Rxd5 32. Rf5+
Ke6 33. Rxd5 Rc7 34. Rh5 Rc2 35. Rh6+ 1-0

[Event "Druga liga Srbije-Vojvodina 2014"]
[Site "Kac, hotel "]
[Date "2014.11.09"]
[Round "2.4"]
[White "Munizaba, Slobodan"]
[Black "Krejic, Igor"]
[Result "1-0"]
[WhiteElo "2335"]
[BlackElo "2213"]
[PlyCount "105"]
[EventDate "2014.11.08"]

1. c4 Nf6 2. Nf3 e6 3. g3 d5 4. Bg2 Bd6 5. d4 O-O 6. O-O c6 7. Qc2 Nbd7 8. Rd1
Qe7 9. b3 b6 10. Nc3 Ba6 11. Bb2 Rac8 12. e4 dxe4 13. Nxe4 Nxe4 14. Qxe4 Ba3
15. Bc3 Bb4 16. Bxb4 Qxb4 17. Ne5 Nb8 18. Qh4 Rfe8 19. Be4 h6 20. Rd3 Qe7 21.
Qh5 Bb7 22. f4 Nd7 23. Qf3 Qd6 24. Nxd7 Qxd7 25. f5 Qd8 26. Rf1 Rc7 27. Qg4 Qg5
28. Qxg5 hxg5 29. fxe6 Rxe6 30. Bf3 g6 31. Kf2 f5 32. Re1 Kf7 33. Rxe6 Kxe6 34.
Re3+ Kf7 35. Re2 Rd7 36. Ke3 Re7+ 37. Kd3 Rxe2 38. Kxe2 Ke6 39. Ke3 Kd6 40. h4
gxh4 41. gxh4 Ke6 42. Kf4 Kf6 43. a3 a5 44. Bg2 a4 45. b4 Ba6 46. Bxc6 Bxc4 47.
Bxa4 b5 48. Bd1 Ke6 49. a4 bxa4 50. Bxa4 Kd5 51. Be8 Kxd4 52. Bxg6 Kc3 53. h5
1-0

[Event "Druga liga Srbije-Vojvodina 2014"]
[Site "Kac, hotel "]
[Date "2014.11.09"]
[Round "2.4"]
[White "Pavlik, Goran"]
[Black "Kostic, Branimir"]
[Result "1-0"]
[WhiteElo "2195"]
[BlackElo "2200"]
[PlyCount "57"]
[EventDate "2014.11.08"]

1. e4 c5 2. Nf3 d6 3. d4 cxd4 4. Nxd4 Nf6 5. Nc3 a6 6. Bc4 e6 7. Bb3 Nc6 8. O-O
Be7 9. f4 Qc7 10. Kh1 h5 11. f5 Nxd4 12. Qxd4 Ng4 13. fxe6 Bxe6 14. Nd5 Bxd5
15. Qxd5 O-O-O 16. Bd2 Qc5 17. Qxc5+ dxc5 18. Ba5 Rd6 19. Rxf7 Bf6 20. Rc7+ Kb8
21. Bd5 b6 22. Rb7+ Kc8 23. Rxb6 Rxb6 24. Bxb6 Bxb2 25. Rb1 Rf8 26. Be6+ Kb7
27. Bxc5 Rf6 28. Bxg4 hxg4 29. Rxb2+ 1-0

[Event "Druga liga Srbije-Vojvodina 2014"]
[Site "Kac, hotel "]
[Date "2014.11.09"]
[Round "2.5"]
[White "Kokeza, Mirko"]
[Black "Drazic, Sinisa"]
[Result "0-1"]
[WhiteElo "2265"]
[BlackElo "2429"]
[PlyCount "106"]
[EventDate "2014.11.08"]

1. Nf3 Nf6 2. b3 e6 3. Bb2 c5 4. e3 b6 5. d4 Bb7 6. Nbd2 d6 7. Bd3 Nbd7 8. O-O
Qc7 9. e4 cxd4 10. Bxd4 Be7 11. Qe2 O-O 12. c4 Rfd8 13. Rac1 Rac8 14. Bb2 Ne5
15. Nd4 Nxd3 16. Qxd3 a6 17. Rfe1 Nd7 18. b4 Bf6 19. Rc2 Qb8 20. Rec1 h6 21.
Qg3 Ba8 22. f3 Kh7 23. N2b3 Qc7 24. Qf2 Bc6 25. Nxc6 Qxc6 26. Bxf6 Nxf6 27. c5
dxc5 28. bxc5 b5 29. Na5 Qc7 30. Qe1 Nd7 31. Qb4 Ne5 32. Qc3 Nd3 33. Nb3 Nxc1
34. Rxc1 e5 35. Qb4 Qd7 36. h3 Rc7 37. Qa5 Rc6 38. Kh2 Qd3 39. Qe1 Qd7 40. Na5
Rc7 41. Qg3 f6 42. Nb3 Qf7 43. Qe1 Rd3 44. Qa5 Rc6 45. Qb4 Qc7 46. Qe1 Qd8 47.
Na5 Rc7 48. Nb3 Rc8 49. Qb4 Rd1 50. Rc2 Qd3 51. Rb2 Qe3 52. Rc2 Qf4+ 53. g3
Qxf3 0-1

[Event "Druga liga Srbije-Vojvodina 2014"]
[Site "Kac, hotel "]
[Date "2014.11.09"]
[Round "2.5"]
[White "Ljubisavljevic, Zivojin Z"]
[Black "Markovic, Milovan"]
[Result "1/2-1/2"]
[WhiteElo "2158"]
[BlackElo "2259"]
[PlyCount "47"]
[EventDate "2014.11.08"]

1. c4 c5 2. Nc3 Nc6 3. g3 d6 4. Bg2 Bd7 5. e3 Nf6 6. d4 e6 7. dxc5 dxc5 8. Nge2
Be7 9. O-O O-O 10. b3 a6 11. Bb2 Qc7 12. Qd2 Rfd8 13. Rad1 Nb4 14. Nc1 Bc6 15.
Qe2 Bxg2 16. Kxg2 Nc6 17. Nd3 b5 18. Nf4 bxc4 19. Qxc4 Qb7 20. f3 Ne5 21. Qe2
g5 22. Na4 Nfd7 23. Nd3 Ng6 24. Nf2 1/2-1/2

[Event "Druga liga Srbije-Vojvodina 2014"]
[Site "Kac, hotel "]
[Date "2014.11.09"]
[Round "2.5"]
[White "Vukovic, Miroslav R"]
[Black "Dragojlovic, Andjelko"]
[Result "0-1"]
[WhiteElo "2183"]
[BlackElo "2290"]
[PlyCount "57"]
[EventDate "2014.11.08"]

1. e4 g6 2. d4 Bg7 3. Nf3 d6 4. Nc3 a6 5. h3 e6 6. Be3 Ne7 7. Qd2 h6 8. Bd3 Nd7
9. O-O b6 10. Rad1 Bb7 11. Ne2 c5 12. c3 e5 13. dxe5 Nxe5 14. Nxe5 dxe5 15. Bc2
Nc6 16. Ba4 b5 17. Bc2 Qxd2 18. Rxd2 c4 19. Bc5 Rd8 20. Rfd1 Rxd2 21. Rxd2 Bf8
22. Bb6 Be7 23. Ng3 Nb8 24. Bc7 Nd7 25. Nf1 f6 26. Ne3 Bd8 27. Nd5 Bxd5 28.
Rxd5 Bxc7 29. Kf1 {dalje necitko} 0-1

[Event "Druga liga Srbije-Vojvodina 2014"]
[Site "Kac, hotel "]
[Date "2014.11.09"]
[Round "2.5"]
[White "Matic, Novica"]
[Black "Tomic, Vjekoslav"]
[Result "0-1"]
[WhiteElo "2025"]
[BlackElo "2237"]
[PlyCount "116"]
[EventDate "2014.11.08"]

1. Nf3 Nf6 2. c4 g6 3. g3 Bg7 4. Bg2 O-O 5. Nc3 d6 6. d4 Nbd7 7. O-O c6 8. h3
Qc7 9. e4 Re8 10. Re1 e5 11. d5 a5 12. Be3 Nc5 13. Qc2 Nfd7 14. Rab1 h6 15. b3
Nb6 16. g4 Na6 17. Rec1 c5 18. a3 Qe7 19. Bf1 Nd7 20. Ne1 Nf8 21. Qd2 Kh7 22.
Bd3 Bd7 23. f3 Rab8 24. Qf2 Bf6 25. Ng2 g5 26. Rb2 Ng6 27. Qe2 Kg7 28. Bd2 Nf4
29. Nxf4 exf4 30. Rbb1 Be5 31. Na2 b6 32. Bc3 Rh8 33. Qb2 Kf6 34. b4 axb4 35.
axb4 Rhc8 36. b5 Nc7 37. Re1 Ra8 38. Rbc1 Ra7 39. Bb1 Rca8 40. Bxe5+ Qxe5 41.
Rc2 Ne8 42. Nc1 Ra3 43. Kf2 R8a4 44. Ree2 Qxb2 45. Rxb2 Rxc4 46. Nd3 Rd4 47.
e5+ Kg7 48. exd6 Rdxd3 49. Bxd3 Rxd3 50. Re7 Nf6 51. Ra2 Rxd5 52. Ra6 Rxd6 53.
Ra7 Be6 54. Rec7 Rd2+ 55. Ke1 Rb2 56. Rc6 Bc4 57. Rxb6 Nd5 58. Rbb7 Ne3 0-1